Central Library OPAC University of Rajshahi

Ultramafic and related rocks / (Record no. 11222)

MARC details
000 -LEADER
fixed length control field 00742cam a2200253 a 4500
001 - CONTROL NUMBER
control field 11222
003 - CONTROL NUMBER IDENTIFIER
rucl marc code BD-RjUL
005 - DATE AND TIME OF LATEST TRANSACTION
control field 20211208235106.0
008 - FIXED-LENGTH DATA ELEMENTS--GENERAL INFORMATION
fixed length control field 140126s1967 nyuab b 001 0 eng
020 ## - INTERNATIONAL STANDARD BOOK NUMBER
International Standard Book Number 0471968919
035 ## - SYSTEM CONTROL NUMBER
System control number (BD-RjUL)11271
040 ## - CATALOGING SOURCE
Original cataloging agency DLC
Transcribing agency DLC
Modifying agency UKM
-- EQO
-- BD-RjUL
Language of cataloging eng
041 ## - LANGUAGE CODE
Language code of text/sound track or separate title eng
082 ## - DEWEY DECIMAL CLASSIFICATION NUMBER
Classification number 549.114
Author mark and year ULT 1967
245 00 - TITLE STATEMENT
Title Ultramafic and related rocks /
Statement of responsibility, etc. edited by P. J. Wyllie.
260 ## - PUBLICATION, DISTRIBUTION, ETC. (IMPRINT)
Place of publication, distribution, etc. New York ;
-- London :
Name of publisher, distributor, etc. John Wiley,
Date of publication, distribution, etc. c1967.
300 ## - PHYSICAL DESCRIPTION
Pagination xvii, 464 p. :
Illustrations ill., maps ;
Size 25 cm.
504 ## - BIBLIOGRAPHY, ETC. NOTE
Bibliography, etc Bibliography (p. 417-446) and index.
650 #0 - SUBJECT ADDED ENTRY--TOPICAL TERM
Topical term or geographic name as entry element Ultrabasic rocks.
9 (RLIN) 34713
700 1# - ADDED ENTRY--PERSONAL NAME
Personal name Wyllie, Peter J.,
Dates associated with a name 1930-
942 ## - ADDED ENTRY ELEMENTS (KOHA)
Source of classification or shelving scheme Dewey Decimal Classification
Koha item type Books
Holdings
Lost status Source of classification or shelving scheme Damaged status Not for loan Collection code Permanent Location Current Location Shelving location Date acquired Source of acquisition Cost, normal purchase price Total Checkouts Full call number Date last seen Copy number Koha item type
  Dewey Decimal Classification   Not For Loan Non-fiction Central Library, University of Rajshahi Central Library, University of Rajshahi Reading Room 31/05/1979 Helfers 24.55   549.114 ULT 1967 26/01/2014 C-1 Books